000
00228nam a22000857a 4500
008
161124b xxu||||| |||| 00| 0 eng d
100
_9
1383
_a
Morais.P
245
_a
The Archer Fish and His Special
260
_a
New Delhi
_b
BPI India
_c
2011
999
_c
4099
_d
4099